000 00675nam a2200301Ia 4500
005 20260401122423.0
008 008 250103s9999 xx 000 0 eng d
020 _a9780521690362
037 _aTB
040 _aEDL
040 _beng
040 _cEDL
041 _2eng
041 _aeng
084 _a822.33 GRA
084 _qEDL
100 _aGrazia, Margreta de
_91233138
245 0 _aHamlet without Hamlet
245 0 _cGrazia, Margreta de
260 _aCambridge
260 _bCambridge University press
260 _c2007
300 _a267p
942 _cTB
942 _h822.33 GRA
999 _c1847166
_d1847166